000 00748nam a2200217 a 4500
003 MX-MxUPN
005 20240809063835.0
008 991125s1943 mx r 000 0 spa d
035 _aUPN01000029952
040 _aMX-MxUPN
_bspa
_cMX-MxUPN
041 0 _aspa
050 1 4 _aZ211 M7
_bR65
100 1 _aRomero Flores, Jesús,
_d1885-1987
_929429
245 1 3 _aLa imprenta en Michoacán
260 _aMéxico :
_bR. Flores,
_c1943.
300 _a134 páginas
500 _aDedicatoria del autor: "Para la biblioteca del Museo Pedagógico Nacional, con todo mi aprecio". [rúbrica del autor]
650 4 _aImprenta
_zMichoacán
_xHistoria
_925318
710 2 _aMuseo Pedagógico Nacional (México)
_951335
_epropietario anterior
942 _2lcc
_cLIBRO
999 _c29952
_d29952